| 000 | 00652nam a2200229Ia 4500 | ||
|---|---|---|---|
| 001 | 19872 | ||
| 003 | GE_BSU | ||
| 008 | 181216s||||||||xx |||||||||||||| ||und|| | ||
| 040 | _cGE_BSU | ||
| 080 | _a01(072) | ||
| 100 | _aფილაური,ინგა | ||
| 245 | _aანოტირების მეთოდიკა | ||
| 260 | _aთბილისი | ||
| 260 | _bცის ნამი | ||
| 260 | _c2001 | ||
| 300 | _a79გვ. | ||
| 541 | _h3ლ.90თ. | ||
| 653 | _aანოტირების მეთოდიკა | ||
| 653 | _aბიბლიოთეკარი | ||
| 653 | _aქსეროქსი | ||
| 942 | _cBK | ||
| 999 |
_c52842 _d52842 |
||